000 00591nam a2200205Ia 4500
003 GCL
008 140319s9999 xx 000 0 ara d
040 _aGCL /
_cGCL
082 0 4 _a810.9
_bش ب
100 1 _aشوقى ضيف
245 1 0 _aالبارودى رائد الشعر الحديث /
_cشوقى ضيف
260 _a[S.N] :
_bمكتبة الدراسات الادبية ،
_c1988
300 _a230ص
490 _a
650 0 4 _aالعصر الحديث
650 0 4 _aالتراجم الادبية
650 0 4 _aالشعراء
650 0 4 _aالبارودى
942 _2ddc
_cBK
999 _c28430
_d28430